[Event "Chess.com Bullet Open KO"]
[Site "chess.com INT"]
[Date "2020.12.20"]
[Round "2.1"]
[White "Artemiev,V"]
[Black "Nakamura,Hi"]
[Result "0-1"]
[WhiteElo "2711"]
[BlackElo "2736"]

1.b3 f6 2.Bb2 Nh6 3.e3 Nf7 4.d4 g6 5.Nf3 Bg7 6.h4 e5 7.dxe5 fxe5 8.h5 d6
9.hxg6 hxg6 10.Rxh8+ Nxh8 11.Nc3 Be6 12.Qd2 Nc6 13.O-O-O Qd7 14.Ne4 O-O-O
15.Neg5 Bg8 16.Bd3 Kb8 17.c4 Qe7 18.Be4 Nf7 19.Nxf7 Bxf7 20.Rh1 Bf6 21.Qd3 Nb4
22.Qd2 d5 23.cxd5 Bxd5 24.Bxd5 Rxd5 25.Qe2 Nd3+ 26.Kb1 Nxb2 27.Qxb2 e4 28.Nd4 c5
29.Qa3 cxd4 30.Rh8+ Rd8  0-1

[Event "Chess.com Bullet Open KO"]
[Site "chess.com INT"]
[Date "2020.12.20"]
[Round "2.3"]
[White "Artemiev,V"]
[Black "Nakamura,Hi"]
[Result "0-1"]
[WhiteElo "2711"]
[BlackElo "2736"]

1.b3 Nf6 2.Bb2 d6 3.Nf3 e5 4.c4 Nbd7 5.Nc3 g6 6.g3 Bg7 7.Bg2 O-O 8.O-O Re8
9.d3 c6 10.Nd2 Nf8 11.Nde4 Nxe4 12.dxe4 Ne6 13.Qd2 Qe7 14.Rad1 Rd8 15.e3 a5
16.Na4 Qc7 17.f4 b5 18.cxb5 cxb5 19.Nc3 exf4 20.Nd5 Qa7 21.gxf4 Bb7 22.Bxg7 Nxg7
23.Nf6+ Kh8 24.Qf2 Ne8 25.Ng4 Bc8 26.Qb2+ Ng7 27.Nf6 Be6 28.f5 Bc8 29.fxg6 fxg6
30.e5 d5 31.Bxd5 Qxe3+ 32.Qf2 Qxf2+ 33.Rxf2 Ra7 34.Bf3 Rxd1+ 35.Bxd1 Nf5
36.Rd2 Be6 37.Rd8+ Kg7 38.Be2 Kf7 39.Bxb5 Rc7 40.Be8+ Ke7 41.Ra8 Rc1+ 42.Kf2 Rc2+
43.Ke1 Rxa2 44.Ra7+ Kd8 45.Bd7 Nd4 46.Bxe6 Nxe6 47.Rd7+ Kc8 48.Rxh7 Nf4 49.Ne4 Nd3+
50.Kd1 Nxe5 51.Nd6+ Kd8 52.Rb7 Rxh2 53.Nf7+ Kc8 54.Nd6+ Kd8 55.Nf7+ Nxf7
56.Rxf7 Rh3 57.Ra7 Rh5 58.Ra6 Rd5+ 59.Ke2 Rg5 60.Ke3 Re5+ 61.Kf4 Rb5 62.Rxg6 Rxb3
63.Ke4 Rb4+ 64.Kd3 Rb7 65.Kc3 Rd7 66.Rd6 Rxd6  0-1

[Event "Chess.com Bullet Open KO"]
[Site "chess.com INT"]
[Date "2020.12.20"]
[Round "2.4"]
[White "Nakamura,Hi"]
[Black "Artemiev,V"]
[Result "1-0"]
[WhiteElo "2736"]
[BlackElo "2711"]

1.b3 d5 2.Bb2 Bg4 3.Nf3 Nd7 4.e3 Ngf6 5.Be2 e6 6.d4 Bd6 7.Nbd2 O-O 8.c4 c6
9.O-O Ne4 10.Nxe4 dxe4 11.Nd2 Bxe2 12.Qxe2 f5 13.Rfd1 Qh4 14.g3 Qh6 15.d5 exd5
16.cxd5 cxd5 17.Qb5 Qe6 18.Nb1 Nc5 19.Nc3 Nd3 20.Rab1 Be5 21.Ba1 d4 22.exd4 Bxd4
23.Nxe4 Bxa1 24.Ng5 Qe2 25.Rxd3 Bf6 26.Qc4+ Kh8 27.Nh3 b5 28.Qxb5 Qxa2 29.Rbd1 Rab8
30.Qxf5 Rxb3 31.Ng5 g6 32.Qf3 Rxd3 33.Rxd3 Qg8 34.Ne4 Bg7 35.Qe3 Qe6 36.Ra3 a6
37.Nc5 Qxe3 38.fxe3 Re8 39.Nxa6 Ra8 40.Ra4 Bf8 41.Nc5 Re8 42.Nd7 Bh6 43.Nf6 Rxe3
44.Ng4 Re1+ 45.Kf2 Rh1 46.Kg2 Rd1 47.Nxh6  1-0

[Event "Chess.com Bullet Open KO"]
[Site "chess.com INT"]
[Date "2020.12.20"]
[Round "2.5"]
[White "Artemiev,V"]
[Black "Nakamura,Hi"]
[Result "1/2-1/2"]
[WhiteElo "2711"]
[BlackElo "2736"]

1.b3 g6 2.Bb2 Nf6 3.g3 Bg7 4.Bg2 O-O 5.Nf3 d6 6.d4 Nc6 7.O-O Re8 8.d5 Nb8
9.c4 c5 10.dxc6 Nxc6 11.Nc3 Bg4 12.h3 Bxf3 13.Bxf3 Nd7 14.Qd2 Rc8 15.Rfd1 Nb6
16.Rac1 a6 17.Bg2 Qd7 18.Ne4 Bxb2 19.Qxb2 Qf5 20.c5 d5 21.Nc3 Nd7 22.Nxd5 Rcd8
23.g4 Qg5 24.Qd2 Qh4 25.Qe3 Nde5 26.f4 Nd7 27.Nc7 Rf8 28.Nxa6 e5 29.Nc7 exf4
30.Qxf4 Nde5 31.Nd5 Kg7 32.Rf1 Rfe8 33.Rcd1 Re6 34.b4 Rc8 35.b5 Ne7 36.Nb6 Rxc5
37.Nd7 Rc4 38.e4 g5 39.Qd2 N7g6 40.Qb2 f6 41.Nxe5 Nxe5 42.Rc1 Nd3 43.Qd2 Rxc1
44.Rxc1 Nxc1 45.Qd7+ Kh6 46.Qxe6 Qe1+ 47.Kh2 Qf2 48.Qg8 Qf4+ 49.Kh1 Ne2 50.Qf8+ Kg6
51.Qg8+ Kh6 52.Qf8+ Kg6 53.Qg8+ Kh6  1/2-1/2

[Event "Chess.com Bullet Open KO"]
[Site "chess.com INT"]
[Date "2020.12.20"]
[Round "2.6"]
[White "Nakamura,Hi"]
[Black "Artemiev,V"]
[Result "1-0"]
[WhiteElo "2736"]
[BlackElo "2711"]

1.Nf3 g6 2.d3 Bg7 3.Nbd2 b6 4.e4 Bb7 5.g3 e6 6.Bg2 Ne7 7.O-O O-O 8.Re1 d6
9.h4 h6 10.Nf1 Nd7 11.c3 c5 12.N1h2 Ne5 13.Be3 Qd7 14.Qd2 Kh7 15.Rad1 Rad8
16.b3 Nxf3+ 17.Nxf3 f5 18.h5 gxh5 19.Nh4 e5 20.Qe2 f4 21.Bc1 Bf6 22.Qxh5 Qe6
23.Kh2 Bg5 24.Bh3 Qf6 25.Nf5 Bc8 26.gxf4 exf4 27.Nxe7 Qxe7 28.Bxc8 Rxc8 29.f3 Rg8
30.Rg1 Rg6 31.Rg4 Rcg8 32.Rdg1 Qf6 33.Bd2 R8g7 34.R1g2 Kg8 35.Kh3 Kf8 36.Bxf4 Qe6
37.Bxg5 Rxg5 38.Qh4 h5 39.Kg3 hxg4 40.f4 R5g6 41.Rf2 Qf6 42.Qh8+ Kf7 43.e5 Qe7
44.d4 Qf8 45.Qh5 Kg8 46.f5 Rg5 47.Qh6 Rxf5 48.Qe6+ Rff7 49.exd6 Kh7 50.Rh2+ Kg8
51.d7 Qb8+ 52.Kg2 Qd8 53.Qe8+ Rf8 54.Rh8+ Kxh8 55.Qf7  1-0

[Event "Chess.com Bullet Open KO"]
[Site "chess.com INT"]
[Date "2020.12.20"]
[Round "2.7"]
[White "Artemiev,V"]
[Black "Nakamura,Hi"]
[Result "1/2-1/2"]
[WhiteElo "2711"]
[BlackElo "2736"]

1.b3 g6 2.Bb2 Nf6 3.g3 Bg7 4.Bg2 d6 5.Nf3 O-O 6.O-O e5 7.d3 c5 8.c4 Nc6 9.Nc3 h5
10.e3 Be6 11.d4 exd4 12.exd4 Bg4 13.dxc5 dxc5 14.h3 Bxf3 15.Bxf3 Nh7 16.h4 Qc8
17.Qd2 Rd8 18.Nd5 Bxb2 19.Qxb2 Qf5 20.Bg2 Re8 21.Nc7 Nd4 22.Nxa8 Re2 23.Qa3 Nf6
24.Qxa7 Ng4 25.Qb8+ Kg7 26.Qf4 Qe6 27.Nc7 Qd7 28.Nd5 Re5 29.Kh1 Rf5 30.Qd2 Qd6
31.Rae1 Rxf2 32.Qc3 Rc2 33.Qd3 Nf2+ 34.Rxf2 Rxf2 35.Kg1 Rxa2 36.Rf1 Ne2+
37.Kh2 Qe5 38.Qf3 f5 39.Re1 Nd4 40.Qf1 Qxe1 41.Qf4 Qe2 42.Qc7+ Kh6 43.Qf4+ Kh7
44.Qc7+ Kh6 45.Qf4+ Kg7 46.Qc7+ Kh6  1/2-1/2

[Event "Chess.com Bullet Open KO"]
[Site "chess.com INT"]
[Date "2020.12.20"]
[Round "3.2"]
[White "Naroditsky,D"]
[Black "Nakamura,Hi"]
[Result "0-1"]
[WhiteElo "2621"]
[BlackElo "2736"]

1.e4 e5 2.Nf3 Nc6 3.Bb5 a6 4.Ba4 g6 5.c3 Bg7 6.d4 b5 7.Bb3 exd4 8.cxd4 Nge7
9.d5 Na5 10.Bc2 O-O 11.O-O d6 12.h3 Bb7 13.Nbd2 c6 14.dxc6 Nexc6 15.Re1 Rc8
16.Nf1 Nc4 17.Rb1 Nb4 18.Bb3 Na5 19.Bg5 Qc7 20.Ne3 Nxb3 21.Qxb3 a5 22.a3 Na6
23.Qxb5 Nc5 24.Rbc1 Qb8 25.Qxa5 Bxe4 26.Nd4 Bxd4 27.b4 Nd3 28.Rxc8 Rxc8 29.Rd1 Bb6
30.Qb5 Nxf2 31.Rf1 Nxh3+ 32.Kh2 Nxg5 33.Qxg5 d5+ 34.Kh1 Bxe3 35.Qxe3 Rc2  0-1

[Event "Chess.com Bullet Open KO"]
[Site "chess.com INT"]
[Date "2020.12.20"]
[Round "3.1"]
[White "Nakamura,Hi"]
[Black "Naroditsky,D"]
[Result "1-0"]
[WhiteElo "2736"]
[BlackElo "2621"]

1.Nf3 Nf6 2.d4 g6 3.c4 Bg7 4.Nc3 O-O 5.e4 d6 6.Be2 e5 7.O-O exd4 8.Nxd4 Re8
9.f3 c6 10.Nc2 Na6 11.Be3 Be6 12.Bf2 d5 13.e5 Nd7 14.cxd5 cxd5 15.f4 Nb6
16.Nd4 Rc8 17.Bf3 Nc5 18.Rc1 Qd7 19.Re1 Nc4 20.Qe2 a6 21.b3 Nb6 22.Red1 Red8
23.Nb1 Na8 24.Nxe6 Nxe6 25.g3 Rxc1 26.Rxc1 d4 27.Nd2 Nb6 28.Qe4 Nd5 29.Qxd5 Qxd5
30.Bxd5 Rxd5 31.Rc8+ Bf8 32.Ne4 Kg7 33.Kf1 Be7 34.Rb8 Rd7 35.Ke2 d3+ 36.Kd1 Rc7
37.Kd2 Rd7 38.Be3 Bb4+ 39.Kd1 Be7 40.g4 Nd4 41.Bxd4 Rxd4 42.Rxb7 Rxe4 43.Rxe7 Rxf4
44.e6 Rxg4 45.Rxf7+ Kg8 46.Rd7 Re4 47.Rd6 Kf8 48.Rxa6 Re2 49.b4 Rxh2 50.b5 Rb2
51.a4 h5 52.Rd6 h4 53.Rxd3 g5 54.Ke1 g4 55.Kf1 h3 56.Kg1 Rg2+ 57.Kh1 g3 58.Rb3 Rh2+
59.Kg1 Rg2+ 60.Kh1 Rh2+ 61.Kg1 Ke7 62.Rxg3 Rb2 63.Rxh3 Kxe6 64.Ra3 Kd6 65.Kf1 Kc5
66.Ke1 Kb4 67.Ra1 Ka5 68.Kd1 Rh2 69.Kc1 Rh1+ 70.Kb2 Rh2+ 71.Kb3 Rh3+ 72.Kc4 Rh4+
73.Kc5 Rh5+ 74.Kd6 Rh6+ 75.Kd7 Rh7+ 76.Ke6 Rh8 77.Rb1 Kb6 78.Kd7 Rh7+ 79.Kd6 Rh8
80.a5+ Kb7 81.Kc5 Kb8 82.Kb4 Ka8 83.Rc1 Rh6 84.Rc4 Rh5 85.Rc8+ Kb7 86.Rc5 Kb8
87.Rc4 Rh4 88.a6 Rh5 89.Rc5 Rh6 90.Ka5 Ka7 91.b6+ Ka8 92.Rc7  1-0

[Event "Chess.com Bullet Open KO"]
[Site "chess.com INT"]
[Date "2020.12.20"]
[Round "3.3"]
[White "Nakamura,Hi"]
[Black "Naroditsky,D"]
[Result "1/2-1/2"]
[WhiteElo "2736"]
[BlackElo "2621"]

1.Nf3 Nf6 2.d4 g6 3.Nc3 d5 4.Bg5 Bg7 5.e3 Kf8 6.Bd3 h6 7.Bxf6 Bxf6 8.h4 Kg7
9.Qd2 c5 10.dxc5 Nc6 11.O-O-O Qa5 12.Kb1 Qxc5 13.Ne2 Bd7 14.c3 Rhc8 15.Ng3 b5
16.h5 g5 17.e4 d4 18.e5 Nxe5 19.Nxd4 b4 20.Ngf5+ Kf8 21.cxb4 Qb6 22.Be4 Rab8
23.b3 a5 24.bxa5 Qa6 25.Bd3 Qa7 26.f4 Nxd3 27.Qxd3 Bxf5 28.Nxf5 Qc5 29.Rc1 Qa3
30.Rc2 Rd8 31.Qe3 e6 32.Nxh6 Rbc8 33.Qc1 Qxc1+ 34.Rhxc1 Ra8 35.Ng4 Be7 36.fxg5 Bxg5
37.Rf1 Rxa5 38.Rcf2 f5 39.Nh2 Rad5 40.Nf3 Bf6 41.g4 Rd3 42.gxf5 exf5 43.Ne1 Rd1+
44.Kc2 Ra1 45.Nd3 Rc8+ 46.Kd2 Rxa2+ 47.Ke3 Re8+ 48.Kf4 Ra3 49.Kxf5 Be7 50.Kg6+ Kg8
51.Rf7 Ra6+ 52.R7f6 Bf8 53.Rxa6 Bg7 54.Raf6 Bh8 55.Rf8+ Rxf8 56.h6 Rxf1 57.h7+ Kf8
58.b4 Rb1 59.Nf4 Rb3 60.Ne6+ Ke7 61.Nc5 Rxb4 62.Nd3 Rh4 63.Nf4 Rxh7 64.Kxh7  1/2-1/2

[Event "Chess.com Bullet Open KO"]
[Site "chess.com INT"]
[Date "2020.12.20"]
[Round "3.9"]
[White "Nakamura,Hi"]
[Black "Naroditsky,D"]
[Result "1/2-1/2"]
[WhiteElo "2736"]
[BlackElo "2621"]

1.b3 e5 2.Bb2 Nc6 3.e3 e4 4.Bb5 Qg5 5.Bf1 d5 6.d4 Nf6 7.c4 Bb4+ 8.Nc3 O-O
9.a3 Bxc3+ 10.Bxc3 Bg4 11.Ne2 Qg6 12.Qd2 Rfe8 13.Nf4 Qh6 14.cxd5 Ne7 15.Bc4 Rad8
16.h3 Nexd5 17.Nxd5 Nxd5 18.Bb2 c6 19.Rc1 Be6 20.Kd1 f5 21.Kc2 Qg6 22.g3 Qf7
23.Kb1 Nc7 24.Qc2 Bd5 25.Rhg1 Ne6 26.g4 f4 27.Bxd5 Rxd5 28.Ka2 Qg6 29.h4 Rf8
30.h5 Qg5 31.Qxe4 Rf6 32.Rcd1 h6 33.Rd2 fxe3 34.fxe3 a5 35.a4 b5 36.Rc1 bxa4
37.bxa4 Nf8 38.Ba3 Re6 39.Qf4 Nd7 40.Qxg5 Rxg5 41.Rdc2 Rxg4 42.Rxc6 Rxe3
43.Rc8+ Kh7 44.R8c7 Rxd4 45.R1c4 Rd2+ 46.Rc2 Rxc2+ 47.Rxc2 Re5 48.Rc7 Nf6
49.Bb2 Rf5 50.Bxf6 Rxf6 51.Rc5 Ra6 52.Kb3 g6 53.Rc7+ Kg8 54.hxg6 Rxg6 55.Kc3 h5
56.Rc5 Rh6 57.Rxa5 h4 58.Rb5 h3 59.Rb1 Kf7 60.Kd3 h2 61.Rh1 Ke6 62.Ke3 Kf5
63.Kf3 Rh4 64.Kg2 Rg4+ 65.Kh3 Rxa4 66.Rxh2 Ra3+ 67.Kh4 Ra4+ 68.Kh3 Ra5 69.Rf2+ Kg6
70.Kg2 Rg5+ 71.Kf1 Re5 72.Rg2+ Kf6 73.Rf2+ Ke6 74.Re2 Rxe2 75.Kxe2  1/2-1/2

[Event "Chess.com Bullet Open KO"]
[Site "chess.com INT"]
[Date "2020.12.20"]
[Round "3.4"]
[White "Naroditsky,D"]
[Black "Nakamura,Hi"]
[Result "1-0"]
[WhiteElo "2621"]
[BlackElo "2736"]

1.e4 g6 2.d4 Bg7 3.Nc3 c6 4.Be3 d5 5.f3 Nf6 6.e5 Nfd7 7.f4 b5 8.Nf3 Nb6 9.Bd3 a5
10.Ne2 b4 11.O-O Ba6 12.Ng3 e6 13.b3 N8d7 14.a3 Qc8 15.axb4 axb4 16.Qe2 Bxd3
17.Qxd3 O-O 18.Ne2 Qb7 19.Rae1 Qa6 20.Qd2 Qb5 21.g4 c5 22.f5 Ra2 23.Bh6 Rxc2
24.Qxc2 Bxh6 25.g5 Bg7 26.f6 Bh8 27.dxc5 Nxc5 28.Ned4 Qa5 29.Ra1 Nba4 30.bxa4 Ne4
31.Nc6 Qb6+ 32.Nfd4 h6 33.a5 Qc7 34.Ne7+ Qxe7 35.fxe7 Re8 36.Qc7 Nxg5 37.Qd7 Bxe5
38.Qxe8+ Kg7 39.Qf8+ Kh7 40.Rxf7+ Nxf7 41.Qxf7+ Bg7 42.e8=Q  1-0

[Event "Chess.com Bullet Open KO"]
[Site "chess.com INT"]
[Date "2020.12.20"]
[Round "3.5"]
[White "Nakamura,Hi"]
[Black "Naroditsky,D"]
[Result "1-0"]
[WhiteElo "2736"]
[BlackElo "2621"]

1.Nf3 Nf6 2.e3 g6 3.d4 Bg7 4.b3 O-O 5.Bb2 d6 6.Nbd2 Nbd7 7.Be2 c6 8.O-O Qc7
9.a4 a5 10.Nc4 Nd5 11.Qd2 Re8 12.e4 N5f6 13.e5 Nd5 14.Rfe1 dxe5 15.Nfxe5 N7f6
16.Bf3 Bf5 17.h3 Nd7 18.Re2 Nxe5 19.Nxe5 Nb4 20.c3 Nd5 21.Rae1 Rad8 22.Qc1 Nf6
23.c4 Nd7 24.Bc3 Nxe5 25.dxe5 Be6 26.Re3 b6 27.R3e2 Rd7 28.c5 bxc5 29.Qe3 c4
30.bxc4 Bxc4 31.Rc2 Bb3 32.Rcc1 Bxa4 33.e6 Rd6 34.exf7+ Kxf7 35.Qf4+ Kg8
36.Qxa4 Bxc3 37.Rxc3 Qd7 38.Rce3 e5 39.Qxa5 Rde6 40.Bg4  1-0

[Event "Chess.com Bullet Open KO"]
[Site "chess.com INT"]
[Date "2020.12.20"]
[Round "3.6"]
[White "Naroditsky,D"]
[Black "Nakamura,Hi"]
[Result "1-0"]
[WhiteElo "2621"]
[BlackElo "2736"]

1.e4 g6 2.d4 Bg7 3.Nc3 c6 4.Be3 d5 5.e5 f6 6.f4 Nh6 7.Nf3 Ng4 8.Bg1 Nh6 9.Qd2 Nd7
10.O-O-O Nb6 11.h3 O-O 12.g4 fxe5 13.dxe5 Nf7 14.Bd3 Nc4 15.Bxc4 dxc4 16.Qe2 Qa5
17.Qxc4 b5 18.Qxc6 Ba6 19.Qe6 Bb7 20.Nd5 Kh8 21.h4 Qxa2 22.h5 Rad8 23.hxg6 Bxd5
24.Rxh7+ Kg8 25.gxf7+ Rxf7 26.Rxd5 Rxd5 27.Bd4 Qa1+ 28.Kd2 Qa5+ 29.Ke2 b4
30.Ng5 Qb5+ 31.Kf2 Qe8 32.Qxd5 e6 33.Qe4 Rd7 34.Ke2 Qc8 35.Qg6 Qc4+ 36.Ke1 Qxd4
37.Rh8+  1-0

[Event "Chess.com Bullet Open KO"]
[Site "chess.com INT"]
[Date "2020.12.20"]
[Round "3.7"]
[White "Nakamura,Hi"]
[Black "Naroditsky,D"]
[Result "1-0"]
[WhiteElo "2736"]
[BlackElo "2621"]

1.Nf3 Nf6 2.e3 g6 3.d4 Bg7 4.c4 O-O 5.Nc3 c5 6.dxc5 Na6 7.Be2 Nxc5 8.O-O b6
9.Nd4 Bb7 10.Bf3 Qc8 11.b3 Rd8 12.Bb2 d5 13.cxd5 Nxd5 14.Nxd5 Bxd5 15.Rc1 e5
16.Nb5 e4 17.Bg4 Be6 18.Bxe6 Qxe6 19.Bd4 Rac8 20.Qe2 a6 21.Bxg7 Kxg7 22.Nd4 Qf6
23.Rc4 b5 24.Rc2 Nd3 25.f3 Rxc2 26.Qxc2 Qe7 27.Qc3 Qe5 28.fxe4 Qxe4 29.Nf5+  1-0

[Event "Chess.com Bullet Open KO"]
[Site "chess.com INT"]
[Date "2020.12.20"]
[Round "3.8"]
[White "Naroditsky,D"]
[Black "Nakamura,Hi"]
[Result "1/2-1/2"]
[WhiteElo "2621"]
[BlackElo "2736"]

1.e4 e5 2.Nf3 Nc6 3.Bb5 a6 4.Bxc6 dxc6 5.O-O f6 6.c3 c5 7.d4 cxd4 8.cxd4 exd4
9.Nxd4 Bd6 10.Nc3 Ne7 11.Be3 O-O 12.Qb3+ Kh8 13.Rad1 Qe8 14.Ne6 Bxe6 15.Qxe6 Nc6
16.Qh3 Qg6 17.f4 Rae8 18.Rf3 Bb4 19.Rg3 Qf7 20.Nd5 Rxe4 21.Qf5 Qe6 22.Qxe6 Rxe6
23.Nxc7 Rxe3 24.Rxe3 Bc5 25.Rd3 Nb4 26.Rb3 Nxa2 27.Kf1 Bxe3 28.Rxe3 Rc8 29.Re7 Nb4
30.Ne6 Nd5 31.Rxb7 g6 32.Ra7 Re8 33.Rxa6 Kg8 34.Rd6 Ne3+ 35.Kf2 Nc4 36.Rc6 Nxb2
37.g4 Nd3+ 38.Kg3 Nb4 39.Rd6 Kf7 40.f5 gxf5 41.gxf5 Ke7 42.Rb6 Nd5 43.Rb7+ Kd6
44.Rxh7 Ke5 45.Ng7 Rg8 46.Kf3 Rb8 47.Nh5 Rb3+ 48.Kg2 Ne3+ 49.Kf2 Nxf5 50.Ra7 Rb2+
51.Kg1 Nd4 52.Ra5+ Ke4 53.Nxf6+ Kf3 54.Ra3+ Nb3 55.h4 Rb1+ 56.Kh2 Rb2+ 57.Kh3 Kf4
58.Nd5+ Ke5 59.Ne3 Rb1 60.Ng4+ Kf4 61.Ra2 Nd4 62.Rf2+ Ke4 63.Nh2 Ke3 64.Rf7 Rb3
65.Ng4+ Ke2+ 66.Kh2 Nf3+ 67.Kg2 Nxh4+ 68.Kh2 Nf3+ 69.Kg2 Ng5 70.Rf2+ Ke1
71.Ne5 Ne4 72.Nf3+ Kd1 73.Rf1+ Kc2 74.Re1 Rb4 75.Re2+ Kd3 76.Re1 Nc3 77.Ne5+ Kd4
78.Nf3+ Kc4 79.Rf1 Rb1 80.Rf2 Rb3 81.Kg1 Nd1 82.Nd2+ Kd3 83.Nxb3 Nxf2  1/2-1/2

[Event "Chess.com Bullet Open KO"]
[Site "chess.com INT"]
[Date "2020.12.20"]
[Round "3.10"]
[White "Nakamura,Hi"]
[Black "Artemiev,V"]
[Result "1-0"]
[WhiteElo "2736"]
[BlackElo "2711"]

1.Nf3 d5 2.d4 Nf6 3.c4 c6 4.e3 g6 5.Nc3 Bg7 6.Be2 O-O 7.O-O Bg4 8.b3 Nbd7
9.Bb2 e6 10.Nd2 Bxe2 11.Qxe2 Qe7 12.a4 Rfd8 13.Rfd1 a5 14.Rdc1 Qe8 15.Ba3 Rac8
16.Bd6 Bf8 17.Bxf8 Qxf8 18.c5 e5 19.Rab1 exd4 20.exd4 Re8 21.Qd3 Nh5 22.g3 Ng7
23.b4 axb4 24.Rxb4 Rc7 25.a5 Ra8 26.Nb3 Ne6 27.Re1 Qg7 28.Na4 Qf6 29.Nb6 Nxb6
30.cxb6 Re7 31.Ra4 Nc5 32.Nxc5 Rxe1+ 33.Kg2 Qe7 34.a6 bxa6 35.b7 Rb8 36.Qxa6 Rb1
37.Qxc6 Qe1 38.Kh3 Qf1+ 39.Kh4 Qxf2 40.Qc8+ Kg7 41.Qxb8 Qf6+ 42.Kh3 Qf5+
43.g4 Qf1+ 44.Kh4 g5+ 45.Kh5 Qh3+ 46.Kxg5 Qh6+ 47.Kf5 Rf1+ 48.Ke5 Qf4+ 49.Kxd5 Qxb8
50.Ra8 Qf4 51.b8=Q Qf3+ 52.Kd6 Rd1 53.Qg8+ Kf6 54.Qh8+ Kg5 55.Qe5+ Kh4 56.Qh5+  1-0

[Event "Chess.com Bullet Open KO"]
[Site "chess.com INT"]
[Date "2020.12.20"]
[Round "4.6"]
[White "Firouzja,Alireza"]
[Black "Nakamura,Hi"]
[Result "0-1"]
[WhiteElo "2749"]
[BlackElo "2736"]

1.d4 Nf6 2.Nf3 e6 3.e3 d5 4.b3 c5 5.Bb2 cxd4 6.exd4 Nc6 7.Nbd2 Bd6 8.Bd3 O-O
9.O-O Bd7 10.Ne5 Rc8 11.a3 Ne7 12.f4 Nf5 13.Qf3 Qb6 14.Qf2 Bxe5 15.fxe5 Ng4
16.Qf4 Nge3 17.Rfc1 Bb5 18.g4 Bxd3 19.cxd3 Nc2 20.gxf5 Nxa1 21.Rxa1 Rc2 22.f6 h6
23.Kh1 g5 24.Rg1 Rfc8 25.Nf3 Kf8 26.Nxg5 hxg5 27.Qxg5 Ke8 28.Qg8+ Kd7 29.Qxf7+ Kc6
30.Qxe6+ Kb5 31.Qxd5+ Ka6 32.f7 Rxb2 33.Rf1 Rcc2 34.f8=Q Rxh2+ 35.Kg1 Qg6+  0-1

[Event "Chess.com Bullet Open KO"]
[Site "chess.com INT"]
[Date "2020.12.20"]
[Round "4.1"]
[White "Nakamura,Hi"]
[Black "Firouzja,Alireza"]
[Result "1-0"]
[WhiteElo "2736"]
[BlackElo "2749"]

1.Nf3 d5 2.d4 Nf6 3.e3 e6 4.c4 Be7 5.Nc3 O-O 6.Bd3 dxc4 7.Bxc4 c5 8.O-O cxd4
9.Nxd4 Bd7 10.Be2 Nc6 11.Bf3 Rc8 12.Qe2 Nxd4 13.exd4 Bc6 14.Rd1 Bxf3 15.Qxf3 Nd5
16.Nxd5 Qxd5 17.Qxd5 exd5 18.Kf1 Rc2 19.Rb1 Rfc8 20.Bd2 b5 21.Rdc1 h6 22.Ke2 R2c4
23.Kd3 Bf6 24.Be3 a5 25.b3 Rxc1 26.Bxc1 b4 27.Bd2 Kf8 28.Re1 Re8 29.Rc1 Re4
30.Be3 Re6 31.Rc5 Ra6 32.Bd2 Be7 33.Rc8+  1-0

[Event "Chess.com Bullet Open KO"]
[Site "chess.com INT"]
[Date "2020.12.20"]
[Round "4.3"]
[White "Nakamura,Hi"]
[Black "Firouzja,Alireza"]
[Result "1-0"]
[WhiteElo "2736"]
[BlackElo "2749"]

1.Nf3 Nf6 2.e3 e6 3.d4 d5 4.c4 Be7 5.Nc3 O-O 6.Bd3 a6 7.O-O dxc4 8.Bxc4 b5
9.Bd3 c5 10.dxc5 Nbd7 11.b4 a5 12.c6 Nb6 13.bxa5 Rxa5 14.Nxb5 Nbd5 15.Bd2 Ra8
16.Qc2 Ba6 17.a4 Nb4 18.Bxb4 Bxb4 19.c7 Qe7 20.Rfc1 Rfc8 21.Ne5 Bxb5 22.axb5 Rxa1
23.Rxa1 Bd6 24.b6  1-0

[Event "Chess.com Bullet Open KO"]
[Site "chess.com INT"]
[Date "2020.12.20"]
[Round "4.4"]
[White "Firouzja,Alireza"]
[Black "Nakamura,Hi"]
[Result "1-0"]
[WhiteElo "2749"]
[BlackElo "2736"]

1.d4 Nf6 2.Nf3 e6 3.e3 d5 4.b3 c5 5.Bb2 cxd4 6.exd4 Nc6 7.Nbd2 g6 8.Bd3 Bg7
9.Ba3 Bf8 10.Bxf8 Kxf8 11.O-O Bd7 12.c3 Rc8 13.Re1 Kg7 14.Rc1 Ne8 15.Ne5 Nd6
16.Ndf3 Be8 17.Qd2 Qe7 18.Qf4 f6 19.Nxc6 Bxc6 20.h4 Nf7 21.Re2 Bd7 22.c4 dxc4
23.bxc4 b6 24.Rce1 Qd6 25.Qe3 Rce8 26.Nd2 Bc6 27.Be4 Rd8 28.Bxc6 Qxc6 29.Nf3 Qxc4
30.Qxe6 Qxe6 31.Rxe6 Rd7 32.g4 Rhd8 33.Kg2 h6 34.Rc1 g5 35.h5 Rd6 36.Re7 R6d7
37.Rc7 Rxc7 38.Rxc7 f5 39.gxf5 Kf6 40.Nh2 Nd6 41.Ng4+ Kxf5 42.Nxh6+ Ke6 43.Ng4 Nf5
44.h6 Rxd4 45.f3 Nxh6 46.Nxh6 Rd2+ 47.Kg3 Rxa2 48.Nf7 b5 49.Nxg5+ Kd5 50.Rb7 Kc4
51.Ne4 b4 52.f4 Ra1 53.f5 Re1 54.Kf3 Rh1 55.f6 Rh8 56.f7 a5 57.Nd6+ Kc3 58.Rc7+ Kb2
59.Rc8 Rh1 60.Kg2 Rd1 61.f8=Q  1-0

[Event "Chess.com Bullet Open KO"]
[Site "chess.com INT"]
[Date "2020.12.20"]
[Round "4.9"]
[White "Nakamura,Hi"]
[Black "Firouzja,Alireza"]
[Result "1/2-1/2"]
[WhiteElo "2736"]
[BlackElo "2749"]

1.e4 e5 2.Nc3 Nc6 3.Bc4 Nf6 4.d3 Bb4 5.Ne2 d5 6.exd5 Nxd5 7.O-O Nxc3 8.bxc3 Bd6
9.Ng3 O-O 10.f4 exf4 11.Bxf4 Bxf4 12.Rxf4 Ne5 13.Bb3 c5 14.Qh5 Qc7 15.Raf1 g6
16.Qh6 Ng4 17.Rxf7 Rxf7 18.Rxf7 Nxh6 19.Rxc7+ Kh8 20.Ne4 Ng4 21.Ng5 Nf6 22.h3 Bd7
23.Rxb7 Re8 24.Ne4 Nxe4 25.Rxd7 Nxc3 26.Rxa7 Ne2+ 27.Kf2 Nd4 28.a4 Re2+ 29.Kf1 Rd2
30.a5 Nxc2 31.Bxc2 Rxc2 32.a6 Ra2 33.Ra8+ Kg7 34.a7 Kh6 35.Ke1 Kh5 36.g3 Kg5
37.Kd1 Kh6 38.Kc1 Kg5 39.Kb1 Ra4 40.Kb2 Kh6 41.Kb3 Rb4+ 42.Kc3 Ra4 43.Kb3 Rb4+
44.Kc2 Ra4 45.Kd2 Kg5 46.Kc1 Kh6 47.Kb2 Kg5 48.Kc2 Kh6 49.Kd2 Kg5 50.Kc3 Kh6
51.Kb3  1/2-1/2

[Event "Chess.com Bullet Open KO"]
[Site "chess.com INT"]
[Date "2020.12.20"]
[Round "4.5"]
[White "Nakamura,Hi"]
[Black "Firouzja,Alireza"]
[Result "1-0"]
[WhiteElo "2736"]
[BlackElo "2749"]

1.e4 c5 2.Nc3 Nc6 3.f4 e6 4.Nf3 a6 5.d4 cxd4 6.Nxd4 Bc5 7.Nb3 Ba7 8.Qf3 d6
9.Be3 Bxe3 10.Qxe3 Qc7 11.O-O-O Nf6 12.Qd2 d5 13.exd5 exd5 14.Nxd5 Nxd5 15.Qxd5 Qxf4+
16.Kb1 O-O 17.Bd3 Be6 18.Qc5 Rad8 19.Qb6 Qb8 20.Nc5 Bc8 21.Be4 Rxd1+ 22.Rxd1 Qxh2
23.Nxb7 Qh5 24.Bf3  1-0

[Event "Chess.com Bullet Open KO"]
[Site "chess.com INT"]
[Date "2020.12.20"]
[Round "4.2"]
[White "Firouzja,Alireza"]
[Black "Nakamura,Hi"]
[Result "1-0"]
[WhiteElo "2749"]
[BlackElo "2736"]

1.d4 Nf6 2.Nf3 e6 3.e3 d5 4.b3 c5 5.Bb2 cxd4 6.exd4 g6 7.Nbd2 Bg7 8.Ba3 Bf8
9.Bxf8 Kxf8 10.Bd3 Kg7 11.O-O Nc6 12.a3 a6 13.Re1 b5 14.c3 Bb7 15.Ne5 Rc8
16.Rc1 Nd7 17.Ndf3 Ncxe5 18.dxe5 Qa5 19.b4 Qd8 20.Qd2 Qe7 21.Nd4 Rc7 22.Re3 Nb8
23.Rh3 h6 24.Rg3 Nc6 25.Re1 Nxd4 26.cxd4 Bc8 27.Qf4 Bd7 28.h4 h5 29.Rg5 Rc3
30.Re3 Be8 31.Kh2 Rc6 32.Rf3 Rc7 33.Rfg3 Ra7 34.Be2 Kf8 35.Qe3 a5 36.Qd2 axb4
37.axb4 Ra4 38.Qf4 Kg7 39.Bxh5 Rxb4 40.Bf3 Qa7 41.R3g4 Qe7 42.h5 Kf8 43.Rxg6 Rxh5+
44.Kg3 Qd8 45.Rg8+ Ke7 46.R4g7 Rf5 47.Qh4+ Kd7 48.Qxd8+ Kxd8 49.Bg4 Ke7 50.Bxf5 exf5
51.e6 Kxe6 52.Rxe8+ Kf6 53.Rgg8 Rxd4 54.f4 Rd3+ 55.Kh2 Rd2 56.Rd8 d4 57.Rge8 Kg7
58.Rd6 d3 59.Red8 b4 60.Rxd3 Rc2 61.Rg3+ Kf6 62.Rd6+ Ke7 63.Rd5 Rc4 64.Re5+ Kf6
65.Ree3  1-0

[Event "Chess.com Bullet Open KO"]
[Site "chess.com INT"]
[Date "2020.12.20"]
[Round "4.7"]
[White "Nakamura,Hi"]
[Black "Firouzja,Alireza"]
[Result "1-0"]
[WhiteElo "2736"]
[BlackElo "2749"]

1.Nf3 Nf6 2.e3 g6 3.c4 Bg7 4.d4 O-O 5.b3 d6 6.Bb2 Nbd7 7.Be2 c6 8.O-O Re8
9.b4 Qc7 10.c5 a5 11.a3 d5 12.b5 Ne4 13.Qc2 e5 14.bxc6 bxc6 15.Nbd2 exd4
16.Nxe4 d3 17.Bxd3 Bxb2 18.Nd6 Bxa1 19.Nxe8 Qd8 20.Rxa1 Qxe8 21.Nd4 Ne5 22.Be2 Bg4
23.Rb1 Bxe2 24.Qxe2 Nc4 25.a4 Rb8 26.Qe1 Rxb1 27.Qxb1 Qc8 28.h4 h5 29.e4 Nd2
30.Qb6 Qg4 31.Qb8+ Kh7 32.f3 Qxh4 33.Qc7 Qe1+ 34.Kh2 Nf1+ 35.Kh3 Kg8 36.Qb8+ Kg7
37.Qe5+ Kh7 38.Qc7 Kg8 39.Nxc6 Ne3 40.Qb8+ Kh7 41.Qf4 Qh1+ 42.Qh2 Qe1 43.Ne5 g5
44.Qg3 Qh1+ 45.Qh2 g4+ 46.fxg4 Qe1 47.gxh5 Nf1 48.Qf4 Qc3+ 49.Nf3 Qg7 50.exd5 Qh6
51.Qxf7+  1-0

[Event "Chess.com Bullet Open KO"]
[Site "chess.com INT"]
[Date "2020.12.20"]
[Round "4.8"]
[White "Firouzja,Alireza"]
[Black "Nakamura,Hi"]
[Result "0-1"]
[WhiteElo "2749"]
[BlackElo "2736"]

1.e4 e5 2.Nc3 Nc6 3.Nf3 Bb4 4.Nd5 Bc5 5.c3 Nf6 6.d4 exd4 7.Bg5 Be7 8.Nxe7 Qxe7
9.Bd3 dxc3 10.O-O h6 11.Bh4 cxb2 12.e5 bxa1=Q 13.Qxa1 g5 14.exf6 Qa3 15.Re1+ Kd8
16.Ne5 Nxe5 17.Qxe5 gxh4 18.Bc4 Qd6 19.Qf5 Qb4 20.Qe4 c6 21.a3 d5 22.Qe5 Qc5
23.Bd3 Be6 24.h3 Re8 25.Bf5 Kd7 26.Qf4 Qd6  0-1

[Event "Chess.com Bullet Open KO"]
[Site "chess.com INT"]
[Date "2020.12.20"]
[Round "4.10"]
[White "Firouzja,Alireza"]
[Black "Nakamura,Hi"]
[Result "1-0"]
[WhiteElo "2749"]
[BlackElo "2736"]

1.d4 Nf6 2.Nf3 e6 3.e3 d5 4.Bd3 c5 5.O-O Nc6 6.b3 Bd6 7.Bb2 Qc7 8.dxc5 Bxc5
9.a3 Bd6 10.Nbd2 O-O 11.e4 Rd8 12.Re1 dxe4 13.Nxe4 Nxe4 14.Rxe4 Bf8 15.Rh4 h6
16.Qe2 Ne7 17.Qe4 Nf5 18.g4 Rxd3 19.gxf5 Rd5 20.f6 g6 21.Rg4 Rf5 22.Nh4 Bd7
23.Qg2 Bc6 24.Rxg6+ Kh8 25.Rg8+ Kh7 26.Rg7+ Kh8 27.Qg4 Rf4 28.Qg6  1-0

[Event "Titled Tuesday 22nd Dec"]
[Site "chess.com INT"]
[Date "2020.12.22"]
[Round "2"]
[White "Aditya,Mittal"]
[Black "Nakamura,Hi"]
[Result "0-1"]
[WhiteElo "2438"]
[BlackElo "2736"]

1.d4 g6 2.c4 Bg7 3.Nc3 c5 4.d5 Bxc3+ 5.bxc3 f5 6.h4 Qa5 7.Qd3 Nf6 8.Nf3 d6
9.Ng5 Nbd7 10.Bf4 Nb6 11.h5 Nxh5 12.Rxh5 gxh5 13.Qh3 Bd7 14.e4 fxe4 15.Qxh5+ Kd8
16.Rc1 Kc7 17.Qf7 Rae8 18.Be2 Rhf8 19.Ne6+ Bxe6 20.Bxd6+ Kxd6 21.Qxe6+ Kc7
22.Qe5+ Kd8 23.d6 Nd7 24.dxe7+ Rxe7 25.Qd6 Qb6 26.Qd5 Qf6 27.Rd1 Qxf2+ 28.Kd2 Kc7
29.Kc1 Rf6 30.Bg4 Qf4+ 31.Kc2 Qxg4  0-1